• 首页
  • 本馆介绍
  • 公告通知
  • 最新文献
  • 馆藏检索
  • 电子资源
  • 读者导购
  • 参考咨询
  • 我的图书馆
  • 登录
  • 详细信息显示
  • 放入我的书架
  • 预约/预借图书
  • 作者相关作品
  • 分类相关作品
  • 丛书相关作品
  • 出版社相关作品

书目信息

  • 表格格式
  • 工作单格式
  • 卡片格式
题名:
ADSP TS20XS系列DSP原理与应用设计
    
 
作者: 刘书明 , 罗勇江 编著
分册:  
出版信息: 北京   电子工业出版社  2007
页数: 464页
开本: 26cm
丛书名: DSP应用丛书
单 册:
中图分类: TN911.72 , TP332
科图分类:
主题词: 数字信号处理 , 数字信号--微处理器
电子资源:
ISBN: 7-121-03353-4
000 01094oam2 2200325 450
001 012004096466
005 20070807163008.34
009 012004096466
010    @a7-121-03353-4@dCNY48.00
035    @a(110017)062002077420
100    @a20061221d2007 em y0chiy0110 ea
101 0  @achi
102    @aCN@b110000
105    @ay z 000yy
106    @ar
200 1  @aADSP TS20XS系列DSP原理与应用设计@AADSP TS20XS xi lie DSP yuan li yu ying yong she ji@f刘书明, 罗勇江编著@Fliu shu ming , luo yong jiang bian zhu
210    @a北京@c电子工业出版社@d2007
215    @a464页@d26cm
225 2  @aDSP应用丛书@ADSP ying yong cong shu
330    @a本书主要介绍美国模拟器件公司(ADI)最新高档DSP系列——ADSP TS20XS的硬件组成原理、指令系统及软件设计、应用系统设计技术等方面的内容。
461  0 @12001 @aDSP应用丛书
606 0  @a数字信号处理
606 0  @a数字信号@x微处理器
610 0  @aDSP
690    @aTN911.72@v4
690    @aTP332@v4
701  0 @a刘书明@Aliu shu ming@4编著
701  0 @a罗勇江@Aluo yong jiang@4编著
801  0 @aCN@b110017@c20070807
905    @dTN911.72@e114@f1
    
    ADSP TS20XS系列DSP原理与应用设计/刘书明, 罗勇江编著.-北京:电子工业出版社,2007
    464页;26cm.-(DSP应用丛书)
    
    
    ISBN 7-121-03353-4:CNY48.00
    本书主要介绍美国模拟器件公司(ADI)最新高档DSP系列——ADSP TS20XS的硬件组成原理、指令系统及软件设计、应用系统设计技术等方面的内容。
●
相关链接 在E读中查询图书 在五车中查询图书 在当当中查询图书 在豆瓣中查询图书


正题名:ADSP TS20XS系列DSP原理与应用设计     索取号:TN911.72/114         预约/预借

序号 登录号 条形码 馆藏地/架位号 状态 备注
1 0853319   208533194   第二样本阅览室/ [索取号:TN911.72/114] 在馆    
唐山师范学院图书馆 欢迎您!
大连网信软件有限公司© 版权所有